00275nam a2200109Ia 4500008004100000041000800041100003000049245002300079260003700102365000700139999001900146231011s9999 xx 000 0 und d aeng aDavid A.Aaker and V.Kumar aMarketing Research bJohn Wiley and Sons New York. - b69 c884036d884036